| 000 | 00750cab a2200217 4500 | ||
|---|---|---|---|
| 001 | WB3016-63 | ||
| 008 | 090401t1994 xxu||||| |||| 00| 0 eng d | ||
| 035 | _a(Sirsi) u37268 | ||
| 041 | _aeng | ||
| 245 | _aLicences for shooting game | ||
| 260 | _c1994 | ||
| 350 | _a0 | ||
| 490 |
_aDaily Telegraph _v28 April 1994, 11(1) |
||
| 520 | _aProposals for major reform of 19th century Game Laws are to go before Home Office ministers. a strong case for the abolition of licences for shooting game has been put by several organisations such as the British Association of Shooting and Conservation. | ||
| 650 | _aGAME LAWS | ||
| 650 | _aGAME LICENCES | ||
| 650 | _aGAME SHOOTING | ||
| 690 | _aRURAL PRACTICE | ||
| 942 | _n0 | ||
| 948 | _c04/03/1997 | ||
| 999 |
_c24111 _d24111 |
||